| 000 | 00524nam a2200205Ia 4500 | ||
|---|---|---|---|
| 005 | 20240823023650.0 | ||
| 008 | 240823s9999||||xx |||||||||||||| ||und|| | ||
| 020 | _a978-0-07-063660-6 | ||
| 041 | _aENGLISH | ||
| 082 | _A515.2433 P8 | ||
| 100 | _a"Brown,James Ward" | ||
| 245 | 0 | _aFourier Series and Boundary Value Problems | |
| 250 | _aIst | ||
| 260 |
_c2008 _b"Tata Mcgraw Hill,New " |
||
| 500 | _aYES | ||
| 650 |
_aFourier Series _bMathematics |
||
| 700 | _a" Churchill,Rull V" | ||
| 942 | _cBK | ||
| 999 |
_c182088 _d182088 |
||